000 00543nam a22001337a 4500
020 _a976-0-439-559737
082 _a823
_bSTI/I
100 _aSTILTON, GERONIMO
245 _aITS HALLOWEEN, YOU FRAIDY MOUSE
260 _aNEW YORK
_bSCHOLASTIC INC
_c2004
300 _a113
520 _aSummary: It's Halloween on Mouse Island, and it seemed like everyone was out to get me, Geronimo Stilton! My cousin Trap kept pulling scary pranks on me. And then my sister Thea told me I had to write a book about Halloween in less than one day!
942 _cBK
999 _c7924
_d7924